Muerte de un disidente : (Registro nro. 11270)

Detalles MARC
000 -LIDER
fixed length control field 01159nam a22003257a 4500
001 - NÚMERO DE CONTROL
Identificador de número de control 00045
003 - IDENTIFICACDOR DE NÚMERO DE CONTROL
control field DO-SdBNP
005 - DATE AND TIME OF LATEST TRANSACTION
control field 20240313095101.0
007 - CAMPOS FIJOS DE DESCRIPCIÓN FÍSICA
fixed length control field 00045
008 - ELEMENTOS DE LONGITUD FIJA
fixed length control field 160901b 2007 mx ||| 00| 0 spa d
020 ## - ISBN
International Standard Book Number 9789705801198
040 ## - FUENTE DE CATALOGACIÓN
Agencia que crea de manera original el registro BPMSU
Idioma de catalogación spa
Agencia que realiza la transcripción BPMSU
082 #4 - NÚMERO DE CLASIFICACIÓN DECIMAL DE DEWEY
Classification number 923.5
Item number L776g 2007
Edition number 22
100 1# - ASIENTO PRINCIPAL -- NOMBRE PERSONAL
Nombre personal Goldfarb, Alex
Fechas asociadas con el nombre 1947-
245 10 - MENCIÓN DE TITULO
Título Muerte de un disidente :
Subtítulo el envenenamiento de Alexánder Litvinenko y el regreso del KGB /
Mención de responsabilidad Alex Goldfarb y Marina Litvinenko ; traducción de Jesús Cuéllar Menezo y Miguel Martínez-Lage.
260 ## - PUBLICACIÓN, DISTRIBUCIÓN, ETC. (PIE DE IMPRENTA)
Lugar de publicación, distribución, etc México, D. F. :
Nombre del editor, distribuidor, etc. Taurus,
Fecha de publicación, distribución, etc 2007.
Nombre del editor, distribuidor, etc.
300 ## - DESCRIPCIÓN FÍSICA
Extensión 467 p. ;
Dimensiones 24 cm.
490 0# - MENCIÓN DE SERIES
Mención de serie Pensamiento
500 ## - NOTA GENERAL
Nota general Incluye datos biográficos de los autores en la solapa de la cubierta
500 ## - NOTA GENERAL
Nota general
534 ## - NOTA SOBRE LA VERSIÓN ORIGINAL
Frase introductoria Título original :
Mención del título original Death of a dissident.
590 ## - NOTA LOCAL
Texto de la nota local Inventariado, 2024/VM
600 14 - ENCABEZAMIENTO DE MATERIA--NOMBRE PERSONAL
Nombre personal Letvinenko, Alexánder
Fechas asociadas con el nombre 1962-2006
650 #4 - ENCABEZAMIENTO DE MATERIA--TEMÁTICO
Término temático o nombre geográfico como elemento de entrada Servicio de inteligencia
Subdivisión geográfica Rusia.
700 1# - ASIENTO SECUNDARIO -- NOMBRE PERSONAL
Nombre personal Litvinenko, Marina
Mención de responsabilidad autora
700 1# - ASIENTO SECUNDARIO -- NOMBRE PERSONAL
Nombre personal Cuéllar Menezo, Jesús
Mención de responsabilidad tr.
700 1# - ASIENTO SECUNDARIO -- NOMBRE PERSONAL
Nombre personal Martínez-Lage, Miguel
910 ## - VALIDACIÓN
Validación VMateo V. Control de calidad. BPMSU
942 ## - ADDED ENTRY ELEMENTS (KOHA)
Source of classification or shelving scheme Dewey Decimal Classification
Koha item type Libros
Existencias
Withdrawn status Lost status Source of classification or shelving scheme Damaged status Not for loan Collection code Home library Current library Date acquired Source of acquisition Total Checkouts Full call number Barcode Date last seen Price effective from Koha item type Copy number
    Dewey Decimal Classification     Colección Juvenil General Biblioteca Pública Metropolitana Salomé Ureña Biblioteca Pública Metropolitana Salomé Ureña 09/01/2016 ALFAGUARA   BPMSU CG 923.5 L776G 2007 BPMSU16090016 09/01/2016 09/01/2016 Libros  
    Dewey Decimal Classification     Colección Juvenil General Biblioteca Pública Metropolitana Salomé Ureña Biblioteca Pública Metropolitana Salomé Ureña 09/01/2016 ALFAGUARA   BPMSU CG 923.5 L776G 2007 BPMSU16090017 09/01/2016 09/01/2016 Libros e.2